000 00372 a2200145 4500
020 _a0006478646
040 _aDLC
_bDLC
082 _a823.914
100 1 _aArcher, Jeffrey,
245 1 2 _aA matter of honour
_cJeffrey Archer.
260 _aLondon :
_bHarperCollins,
_c1997.
300 _a429 p.
_c22 cm.
650 0 _aEnglish literature-Fiction.
942 _cBK
_k823.914 ARC
_2ddc
999 _c5042
_d5042